000
00304nam a2200133Ia 4500
005
20251222141855.0
008
251222s9999||||xx |||||||||||||| ||spa||
020
_a
84-8239-020-1
082
_a
791.437/M26
100
_a
Martín, Jerónimo Jesé
245
0
_a
Cine 94:
264
_b
Palabra
942
_c
LIB
999
_c
7852
_d
7852